000 01150nam0a2200325 4500
001 RU\NLR\bibl\100727
005 20260406070931.0
010 _a5-04-004246-9
_910100
021 _aRU
_b2000-11791
_9582
035 _a(NLR Aleph) 000098494
090 _a555305
_c555305
100 _a20000727d2000 |||y0rusy50 ca
101 0 _arus
102 _aRU
105 _aa |||||||||
200 1 _aБольшая энциклопедия городского выживания
_fАндрей Ильичев
210 _aМ.
_cЭКСМО-Пресс
_d2000
215 _a573, [1] с.
_cил.
_d27
320 _aБиблиогр. в конце кн.
606 0 _aБезопасность жизнедеятельности
_jЭнциклопедии
_91373082
_3RU\NLR\auth\66261709
686 _aЦ69,6(2Р)0я20
686 _aС550.661я20
686 _aР35,31я20
700 1 _4070
_8rus
_7ca
_aИльичев
_bА.А.
_f1956-
_gАндрей Александрович
_3RU\NLR\auth\7716092
_9125736
801 0 _aRU
_bNLR
_c20000727
_gPSBO
801 1 _aRU
_bNLR
_c20000727
852 _aNLR
_j2000-7/1125
942 _cBOOK
980 _aNB